000 00779nam a2200181Ia 4500
999 _c4390
_d4390
020 _a8183242022
020 _a9788183242028
050 _aRT14.
_b.P31 PAN
100 1 _aPandey, Rajkumar.
245 1 0 _aNursing and midwifery education /
_cRajkumar Pandey.
260 _aNew Delhi
300 _a264 pages :
_billustrations ;
_c23 cm.
500 _aIncludes index.
505 _aIntroduction,nursing and Midwifery services,nursing and Midwifery contribution to health,development in nursing and Midwifery education, nursing Care in HIV-related curriculum,HIV infection and nursing Care, cancer nursing, monitoring the patient and recording nursing Care, clinical guidelines
650 0 _aNursing
_xStudy and teaching.
650 0 _aMidwifery
_xStudy and teaching.
942 _cBK